Konsonantilla alkavat ja päättyvät pääkaupungit - Statistics

Yleistilastot
  • Tätä visaa on pelattu 557 kertaa
  • Keskiarvotulos 33 / 61
Vastaustilastot
Pääkaupunki % Oikein
Lissabon
83%
Reykjavik
81%
Madrid
80%
Washington
77%
Bryssel
72%
Minsk
72%
Peking
72%
Dublin
71%
Bern
68%
Bagdad
67%
Bangkok
67%
Wien
66%
Budapest
65%
Bukarest
65%
Belgrad
64%
Zagreb
63%
Teheran
62%
Vaduz
62%
Soul
60%
Wellington
60%
Luxemburg
59%
Pjongjang
59%
Riad
57%
Buenos Aires
56%
Jerusalem
56%
Kabul
56%
Beirut
53%
Jerevan
52%
Kingston
52%
Tunis
52%
Kingstown
50%
Caracas
49%
Dakar
49%
Freetown
49%
Georgetown
49%
Rabat
49%
Taškent
49%
Biškek
48%
Phnom penh
48%
La Paz
46%
Belmopan
45%
Damaskos
45%
Kuwait
45%
Masqat
44%
Bandar Seri Begawan
43%
Palikir
43%
Port of Spain
43%
Bridgetown
42%
Castries
42%
St. John's
42%
Kuala Lumpur
41%
St.George's
41%
Naypyidaw
40%
Windhoek
40%
Khartum
39%
Nouakchott
39%
San Salvador
39%
Banjul
37%
Ngerulmud
35%
Port Louis
35%
Bloemfontein
29%
Ehtoja vastaavia visoja ei löytynyt
Tulosjakauma
Jokaisen tuloksen saaneiden osuus
Persentiili vastausten määrän mukaan
Tuloshistoriasi
Et ole pelannut tätä visaa